000
00234nam a2200097Ia 4500
001
684545
005
20250826161459.0
008
250824s9999 xx 000 0 und d
245
0
_a
Koca Sinan
_c
Halit Refiğ
260
_b
Dergah Yayınları
999
_c
684545
_d
684545